Las brujas y su mundo (Registro nro. 74693)

Detalles MARC
000 -ENCABEZADO
Número de control [NR] 00892nam a2200253Ia 4500
005 - FECHA Y HORA DE LA ÚLTIMA TRANSACCIÓN
control field 20140903174240.0
008 - DE LONGITUD FIJA DE DATOS DE ELEMENTOS - INFORMACIÓN GENERAL
Elementos de longitud fija [NR] 130821s1993 sp gr spa
020 ## - NUMERO INTERNACIONAL NORMALIZADO PARA LIBROS [R]
Número Internacional Normalizado del libro [NR] 8478383913
040 ## - FUENTE DE CATALOGACION [NR]
Agencia de catalogación original [NR] Co-BoUCM
Idioma de catalogación [NR] spa
Quien Cataloga Jose A. Gerena (modificó)
Quien Clasifica [Nuevo]
041 00 - CODIGO DE IDIOMA [R]
Código de idioma para texto/pista de sonido o título separado [R] Español
100 1# - ASIENTO PRINCIPAL--NOMBRE PERSONAL [NR]
Nombre personal [NR] Caro Baroja, Julio
ID Autoridad 60616
245 14 - MENCION DE TITULO [NR]
Título [NR] Las brujas y su mundo
Mención de responsabilidad, etc. [NR] Julio Caro Baroja
Parte restante del título [NR] un estudio antropológico de la sociedad en una época oscura
260 ## - PUBLICACION, DISTRIBUCION, ETC. (PIE DE IMPRENTA) [R]
Lugar de publicación, distribución, etc. [R] Madrid (España)
Nombre del editor, distribuidor, etc. [R] Alianza Editorial
Fecha de publicación, distribución, etc. [R] 1993
300 ## - DESCRIPCION FISICA [R]
Extensión [R] 377 páginas
490 #0 - MENCION DE SERIE [R]
Mención de serie [R] Biblioteca Temática Alianza
Designación numérica/secuencial del volumen [NR] 5
500 ## - NOTA GENERAL [R]
Nota general [NR] Ej.1 Donación UCM-C-ARRAYANES.
500 ## - NOTA GENERAL [R]
Nota general [NR] Ej.2 Donación Iranz Hensel
650 #7 - ASIENTO SECUNDARIO DE MATERIA - TERMINO TEMATICO [R]
Término temático o nombre geográfico como elemento de entrada [NR] Brujería
Subdivisión general [R] Historia
9 (RLIN) 10228
650 #7 - ASIENTO SECUNDARIO DE MATERIA - TERMINO TEMATICO [R]
Término temático o nombre geográfico como elemento de entrada [NR] Filosofía
9 (RLIN) 15725
650 #7 - ASIENTO SECUNDARIO DE MATERIA - TERMINO TEMATICO [R]
Término temático o nombre geográfico como elemento de entrada [NR] Hechicería
Subdivisión general [R] Historia
9 (RLIN) 16694
690 ## - ASUNTO AGREGADO LOCAL DE ENTRADA - TÉRMINO TEMÁTICO (OCLC, RLIN)
9 (RLIN) 42814
Acceso temático local Filosofía
942 ## - ELEMENTOS DE ENTRADA AGREGADOS (KOHA)
Tipo de ítem principal el descrito en 300a Libro
Tema principal Filosofía
Edición 1
Parte restante de la signatura top. C292b
Sistema de clasificación DEWEY
Clasificación 133.4
Existencias
Fecha de último préstamo Total préstamos Signatura topográfica Código de barras Última vez visto Ejemplar Price effective from Tipo de ítem Perdido Sistema de clasificación Dañado No prestable Tipo de ítem específico Suprimido Ubicación habitual Ubicación actual Localización Fecha de creación Forma de adquisición Costo Total Renewals Costo de reposición Proveedor
01/04/2019 6 133.4 C292b 100117687 05/12/2025 Ej.1 03/02/2013 Libro   DEWEY     Libro   Claustro Claustro 2do piso 28/02/2013 Donación 26000.00      
29/09/2022 4 133.4 C292b 100142244 05/12/2025 Ej.2 06/05/2014 Libro   DEWEY     Libro   Claustro Claustro 2do piso 06/05/2014 Donación 0.00 4 26000.00 12